Visualizzazione normale
Vista MARC
- Dickinson Jim Treeby
di Personal Name
Records bibliografici associati: 1
001 - CONTROL NUMBER
- control field: 15484
003 - CONTROL NUMBER IDENTIFIER
- control field: IT-RoPau
005 - DATE AND TIME OF LATEST TRANSACTION
- control field: 20140310174033.0
008 - FIXED-LENGTH DATA ELEMENTS
- fixed length control field: 140310|| aca||aabn | a|a d
040 ## - CATALOGING SOURCE
- Original cataloging agency: IT-RoPau
- Transcribing agency: IT-RoPau
100 ## - HEADING--PERSONAL NAME
- Personal name: Dickinson Jim Treeby
- Dates associated with a name: Codice autore musica SPICS: 11046
- Relator term: Autore musica
- Name of part/section of a work: Flash of the Blade
670 ## - SOURCE DATA FOUND
- Source citation: Work cat.: (IT-RoPau)100053: AA.VV. 794, Phenomena